Základy tvorby relačných databáz

Saved in:
Bibliographic Details
Main Author: Praženka, Dušan, 1942-
Corporate Author: Ekonomická univerzita v Bratislave. Fakulta hospodárskej informatiky
Other Authors: Hudec, Miroslav, 1969-, Kristová, Gabriela, Benčič, Anton
Format: Book
Language:Slovak
Published: Bratislava Vydavateľstvo EKONÓM 2019
Edition:1. vydanie
Subjects:
Tags: Add Tag
No Tags, Be the first to tag this record!

MARC

LEADER 00000nam a2200000 4500
001 0257577
005 20240502074103.7
020 |a 978-80-225-4613-3 
041 0 |a slo 
044 |a SK 
245 1 0 |a Základy tvorby relačných databáz  |c Dušan Praženka, Miroslav Hudec ; recenzenti: Gabriela Kristová, Anton Benčič 
250 |a 1. vydanie 
264 1 |a Bratislava  |b Vydavateľstvo EKONÓM  |c 2019 
300 |a 95 s. [6,01 AH] 
610 2 0 |a báza dát 
610 2 0 |a formuláre 
610 2 0 |a softvér 
610 2 0 |a MS Access 
100 1 |a Praženka, Dušan, 1942- 
700 1 |a Hudec, Miroslav, 1969- 
700 1 |a Kristová, Gabriela 
700 1 |a Benčič, Anton 
710 2 |a Ekonomická univerzita v Bratislave. Fakulta hospodárskej informatiky